| 000 | 01253nam a2200277 a 4500 | ||
|---|---|---|---|
| 999 |
_c326136 _d326136 |
||
| 003 | BLK | ||
| 005 | 20250214135343.0 | ||
| 008 | 181109b bu ||||| |||| 00| 0 bu d | ||
| 020 | _a9789545532276 | ||
| 040 | _aBLK | ||
| 041 |
_aBUL _cBUL |
||
| 080 |
_aУкраинска литература _b821.161.2 _x-31 _z821.161.2-31 |
||
| 100 |
_aЖадан, Сергий Викторович _eпърви автор _91299 |
||
| 139 |
_aЖадан, Сергий Викторович _bЖ 15 |
||
| 245 |
_aДепеш Мод _cСергий Жадан ; прев. от укр. Райна Камберова. |
||
| 260 |
_9209722 _aСофия _bПарадокс _c2017 |
||
| 300 |
_a242 с. _c22 см |
||
| 380 | _aX | ||
| 490 |
_9389850 _aКолекция Елит XXI |
||
| 500 | _aОриг. загл.: Депеш Мод. - Биогр. данни за авт. отбелязани на гърба на кор. - Биогр. данни за прев. отбелязани на с. 241. | ||
| 700 |
_aКамберова, Райна Христова _d1977 - _gПреводач от украински език. _9295295 |
||
| 852 |
_aЦб 291349 _bЦб |
||
| 942 |
_2udc _cKNG _n0 _s1 _04 |
||
| 999 | _d326136 | ||
| 944 |
_k30560 _lГеновева Генчева |
||